Biggest Cities in Virginia - Statistics

General Stats
  • This quiz has been taken 25,256 times
    10,613 since last reset
  • The average score is 10 of 20
Answers on the Map
Answers color-coded by a green-red scale on the quiz's map according to % correct below.
 
Answer Stats
Population City % Correct
229,395 Richmond
96%
455,618 Virginia Beach
94%
232,995 Norfolk
79%
155,525 Alexandria
72%
184,306 Newport News
65%
97,847 Roanoke
62%
252,488 Chesapeake
60%
45,373 Charlottesville
58%
138,037 Hampton
49%
45,610 Blacksburg
48%
79,287 Lynchburg
47%
28,757 Fredericksburg
41%
98,537 Suffolk
39%
42,642 Manassas
36%
51,158 Harrisonburg
35%
97,029 Portsmouth
34%
42,229 Danville
32%
48,974 Leesburg
32%
33,394 Petersburg
32%
27,936 Winchester
32%
No matching quizzes found
Score Distribution
Percent of People with Each Score
Percentile by Number Answered
Your Score History
You have not taken this quiz since the last reset